Manifiesto de Martín de Garay, vocal secretario general sobre la Suprema Junta Gubernativa del reyno á la nacion española para explicar las funciones de la misma desde su instalacion. Aranjuez 26 de octubre de 1808

Detalles Bibliográficos
Autor principal: Garay, Martín de
Formato: Libro
Lenguaje:Spanish
Publicado: reimpresa en la Puebla de los Angeles : s.n., 1809.
Materias:
Colección:Banco de datos
Acervo:Biblioteca Palafoxiana. Colección de Pliegos Sueltos
Descripción Física:16 p. ; 4°
Tema general:Política
Notas:Sello en tinta de la Biblioteca Pública Palafoxiana
LEADER 00797nam a22001930004500
035 |a 759 
041 0 |a spa 
082 0 4 |a FR/PAFX/IMPS/C045/0877 
100 1 |a Garay, Martín de 
245 1 0 |a Manifiesto de Martín de Garay, vocal secretario general sobre la Suprema Junta Gubernativa del reyno á la nacion española para explicar las funciones de la misma desde su instalacion. Aranjuez 26 de octubre de 1808  
260 |a reimpresa en la Puebla de los Angeles : s.n., 1809.  
300 |a 16 p. ; 4° 
500 |a Sello en tinta de la Biblioteca Pública Palafoxiana 
505 0 0 |a La biblioteca tiene: 4 ejemplares 
650 1 0 |a Política 
949 |a I00877, I00877-A, I00877-B, I00877-C 
942 |c PALAPLIE 
943 |g Biblioteca Palafoxiana. Colección de Pliegos Sueltos 
999 |c 1074049  |d 1074049